005700000a22001570004500090001300000245011600013044001300129041001400142690002900156690001700185690003300202100004200235942001300277773010500290999001700395 aSeriadas10aAnatomía comparada y evolución de las especies de Pseudoplatystoma Bleeker 1862 (Siluriformes: Pimelodidae) aColombia0 aEspañol aAnatomía animal993635 aBagres96870 aAnálisis genético9751591 aBuitrago Suárez, Uriel Angel999081 cARTICULO1 tRevista de la Academia Colombiana de ciencias exactas, físicas y naturalesh114q117-141d2006g30 c16331d16331